| 000 | 00442nam a2200193Ia 4500 | ||
|---|---|---|---|
| 005 | 20250425161419.0 | ||
| 008 | 250425s9999 xx 000 0 und d | ||
| 020 | _a0853125023 | ||
| 041 | _aeng | ||
| 082 | _a620.23 | ||
| 100 | _aWHITE, R.G. | ||
| 245 | 0 | _aNOISE AND VIBRATION | |
| 250 | _a1ST ED. | ||
| 260 | _aCHICHESTER | ||
| 260 |
_aReino Unido _bELLIS HORWOOD LIMITED _c1982 |
||
| 300 | _a866 | ||
| 942 | _c01 | ||
| 010 | _a19766 | ||
| 999 |
_c208767 _d208767 |
||